| 000 | 01557nam a22002297a 4500 | ||
|---|---|---|---|
| 008 | 250703b |||||||| |||| 00| 0 eng d | ||
| 020 | _a9781915672513 | ||
| 040 | _ctbs | ||
| 041 | _aeng | ||
| 050 |
_aJA74.5 _b.B47 2024 |
||
| 100 |
_aBerardi, Franco _925642 _eauthor |
||
| 245 |
_aQuit everything _b: interpreting depression _c/ Franco Berardi. |
||
| 260 |
_aLondon : _bRepeater, _c2024. |
||
| 300 |
_a201 pages ; _c20 cm. |
||
| 520 | _aDepression is rife amongst young people the world over. But what if this isn't depression as we know it, but instead a reaction to the chaos and collapse of a seemingly unchangeable and unliveable future? In Quit Everything, Franco Berardi argues that this "depression" is actually conscious or unconscious withdrawal of psychological energy and a dis-investment of desire that he defines instead as "desertion". A desertion from political participation, from the daily grind of capitalism, from the brutal reality of climate collapse, and from a society which offers nothing but chaos and pain. Berardi analyses why this desertion is on the rise and why more people are quitting everything in our age of political impotence and the rise of the far-right, asking if we can find some political hope in desertion amongst the ruins of a world on the brink of collapse. | ||
| 650 | 0 |
_aPolitical alienation _925643 |
|
| 650 | 0 |
_aYouth _xPolitical activity _925644 |
|
| 650 | 0 |
_aPolitical participation _910851 |
|
| 650 | 0 |
_aPolitical culture _925645 |
|
| 650 | 0 |
_aDepression, Mental _xPhilosophy _925646 |
|
| 942 | _2lcc | ||
| 999 |
_c4815 _d4815 |
||